| 000 | 00990cam a22001814a 4500 | ||
|---|---|---|---|
| 005 | 20250605164055.0 | ||
| 008 | 250528s ||||||||||||||||||||||||d | ||
| 035 | _a17435 | ||
| 040 |
_aGR-AtMCL _bgre _dGR-AtMCL _eAACR2 |
||
| 245 | 1 | _aΜαθήματα Στατικής ΙΙΙ / Συγχρονές Μέθοδοι Αναλύσεως Φορεών: Μέρος ΙΙ | |
| 260 |
_bΕθνικό Μετσόβιο Πολυτεχνείο, _c1996 |
||
| 300 | _a118 | ||
| 520 | _aΠρόλογος, Μέθοδοι Ευκαμψίας - Ακαμψίας, Στοιχεία Δοκού στο Χώρο (s2), Συνοριακές Συνθήκες, Εσωτερικές Ελευθερώσεις, Τροποποιημένα Μητρώα Ακαμψίας, Στατική Συμπύκνωση, Στοιχεία Μεταβλητής Διατομής, Η Μέθοδος των Υποφορέων. | ||
| 700 | 1 |
_aΠαπαδρακάκης Μ _93591 |
|
| 942 | _cBK | ||
| 999 |
_c2856 _d2856 |
||